000 03784cam a22012614i 4500
003 PE-LiUPU
005 20250813185345.0
008 150623s1997 mx a rb 000 0 spa d
020 _a9682401313
020 _a9789682401312
035 _a(Sirsi) i9789682401312
040 _aPE-LiUPU
_bspa
_cPE-LiUPU
_dPE-LiUPU
_erda
049 _aPRUA
082 0 4 _a370.15
_bB592b
_223
100 1 _aBigge, Morris L.,
_eautor.
245 1 0 _aBases psicológicas de la educación /
_cMorris L. Bigge y Maurice P. Hunt
264 1 _aMéxico :
_bTrillas,
_c1997.
300 _a736 páginas :
_bilustraciones ;
_c23 centímetros,
336 _atext
_2rdacontent
337 _aunmediated
_2rdamedia
338 _avolume
_2rdacarrier
504 _aIncluye bibliografía.
505 0 _a¿Cuál es la naturaleza fundamental del hombre?:Naturaleza biológica -- Naturaleza psicológica -- Naturaleza sociológica -- ¿En qué difieren uans personas de otras? -- ¿Cómo se desarrollan los seres humanos?: Naturaleza del crecimiento corporal -- Psicológico -- adolescencia -- ¿Cómo aprenden los seres humanos? -- ¿Cómo se usa la psicología en las aulas?.
526 _aP202
526 _aP201
526 _aP163
526 _aP162
526 _aP161
526 _aP160
526 _aP148
526 _aP147
526 _aP146
526 _aP145
526 _aP144
526 _aP143
526 _aP142
526 _aP141
526 _aP140
526 _aP139
526 _aP138
526 _aP137
526 _aP136
526 _aP135
526 _aP134
526 _aP133
526 _aP129
526 _aP128
526 _aP127
526 _aP120
526 _aP119
526 _aP118
526 _aP116
526 _aP115
526 _aP114
526 _aP110
526 _aP109
526 _aP108
526 _aP104
526 _aP103
526 _aP102
526 _aP99
526 _aP98
526 _aP97
526 _aP96
526 _aP95
526 _aP93
526 _aP90
526 _aP89
526 _aP88
526 _aP83
526 _aP82
526 _aP62
526 _aP59
526 _aP58
526 _aP57
526 _aP51
526 _aP49
526 _aP48
526 _aP47
526 _aP29
526 _aP24
526 _aP20
526 _aP19
526 _aP17
526 _aP15
526 _aP14
526 _aP12
526 _aP10
526 _aP09
526 _aP08
526 _aP07
526 _aP06
526 _aP05
526 _aP04
526 _aP01
650 0 _aPsicopedagogía.
_91885
700 _aHunt, Maurice P.
_eautor
_91907
942 _2ddc
_cBK
_n0
949 _a370.15 B48
_wDEWEY
_c1
_i09864
_lCCODEBUL1
_mBUL
_r0
_sY
_tBOOK
_u2015-6-17
_xEDUCACION
_zUNKNOWN
_0COMPRA
_o.STAFF. Colección General
949 _a370.15 B48
_wDEWEY
_c1
_iFJ04760
_lCCODEBUJ1
_mBUJ
_p12.00
_r0
_sY
_tBOOK
_u2015-10-5
_xEDUCACION
_0COMPRA
_o.STAFF. Colección General Juliaca
949 _a370.15 B48
_wDEWEY
_c2
_i35831
_d2016-10-3
_e2016-10-3
_lCCODEBUL1
_mBUL
_n1
_r0
_sY
_tBOOK
_u2015-6-17
_xEDUCACION
_zUNKNOWN
_0COMPRA
_o.STAFF. Colección General
949 _a370.15 B48
_wDEWEY
_c2
_iFJ04761
_lCCODEBUJ1
_mBUJ
_p15.00
_r0
_sY
_tBOOK
_u2015-10-6
_xEDUCACION
_0COMPRA
_o.STAFF. Colección General Juliaca
949 _a370.15 B48
_wDEWEY
_c3
_i35830
_d2016-10-23
_e2016-10-20
_lCCODEBUL1
_mBUL
_n1
_r0
_sY
_tBOOK
_u2015-6-17
_xEDUCACION
_zUNKNOWN
_0COMPRA
_o.STAFF. Colección General
949 _a372.3 B49
_wDEWEY
_c1
_i44883
_lCCODEBUL1
_mBUL
_r0
_sY
_tBOOK
_u2015-6-24
_xEDUCACION
_zUNKNOWN
_0COMPRA
_o.STAFF. Colección General
980 _81
_gALBERTO SANCHEZ Responsable de Automatización
999 _c16889
_d16889